[Event "CZE-chT2F 2223"]
[Site "Czech Republic"]
[Date "2022.11.20"]
[Round "3"]
[White "Novak, Jiri1"]
[Black "Kaminsky, Rudolf"]
[Result "1/2-1/2"]
[WhiteElo "2001"]
[BlackElo "2003"]
[PlyCount "35"]
[EventDate "2022.10.16"]
[EventType "team-tourn"]
[EventRounds "11"]
[EventCountry "CZE"]
[SourceTitle "EXT 2024"]
[Source "ChessBase"]
[SourceDate "2023.10.10"]
[SourceVersion "1"]
[SourceVersionDate "2023.10.10"]
[SourceQuality "1"]
[WhiteTeam "Orlova Slavia II"]
[BlackTeam "Havirov Slovan"]
[WhiteTeamCountry "CZE"]
[BlackTeamCountry "CZE"]

1. e4 e6 2. d4 d5 3. exd5 exd5 4. Bf4 Bd6 5. Bxd6 Qxd6 6. c3 Ne7 7. Bd3 Bf5 8. Bxf5 Nxf5 9. Qe2+ Qe7 10. Qxe7+ Kxe7 11. Nd2 Nd7 12. Ngf3 f6 13. 0-0-0 Rhe8 14. Rhe1+ Kf7 15. Nb3 b6 16. Na1 a5 17. Nc2 c6 18. Rxe8 1/2-1/2

[Event "CZE-chT2F 2122"]
[Site "Czech Republic"]
[Date "2022.02.27"]
[Round "9.7"]
[White "Kaminsky, Rudolf"]
[Black "Sebesta, Jan"]
[Result "0-1"]
[WhiteElo "2006"]
[BlackElo "1866"]
[PlyCount "50"]
[EventDate "2021.10.17"]
[EventType "team-tourn"]
[EventRounds "11"]
[EventCountry "CZE"]
[SourceTitle "EXT 2024"]
[Source "ChessBase"]
[SourceDate "2023.10.10"]
[SourceVersion "1"]
[SourceVersionDate "2023.10.10"]
[SourceQuality "1"]
[WhiteTeam "Havirov Slovan"]
[BlackTeam "Orlova Slavia II"]
[WhiteTeamCountry "CZE"]
[BlackTeamCountry "CZE"]

1. d4 Nf6 2. Nf3 g6 3. c4 Bg7 4. Nc3 d5 5. e3 0-0 6. b3 c5 7. Bb2 cxd4 8. exd4 Nc6 9. c5 Ne4 10. Bb5 Qa5 11. Bxc6 bxc6 12. 0-0 Nxc3 13. Qd2 Ne2+ 14. Qxe2 Ba6 15. Qxe7 Bxf1 16. Kxf1 Qa6+ 17. Kg1 Rae8 18. Qc7 Re2 19. Bc3 Rxa2 20. Rxa2 Qxa2 21. Qxc6 Qxb3 22. Be1 Qc4 23. Qd7 Bxd4 24. Nxd4 Qxd4 25. c6 Qe4 0-1

[Event "CZE-chT2F 2122"]
[Site "Czech Republic"]
[Date "2022.02.13"]
[Round "8.7"]
[White "Podlesny, Petr"]
[Black "Kaminsky, Rudolf"]
[Result "0-1"]
[WhiteElo "1853"]
[BlackElo "2006"]
[PlyCount "146"]
[EventDate "2021.10.17"]
[EventType "team-tourn"]
[EventRounds "11"]
[EventCountry "CZE"]
[SourceTitle "EXT 2024"]
[Source "ChessBase"]
[SourceDate "2023.10.10"]
[SourceVersion "1"]
[SourceVersionDate "2023.10.10"]
[SourceQuality "1"]
[WhiteTeam "Havirov Banik"]
[BlackTeam "Havirov Slovan"]
[WhiteTeamCountry "CZE"]
[BlackTeamCountry "CZE"]

1. e4 e6 2. d4 d5 3. Nd2 dxe4 4. Nxe4 Nd7 5. Nf3 Ngf6 6. Ng3 b6 7. Bd3 Bb7 8. 0-0 Be7 9. Re1 0-0 10. c3 c5 11. Be3 Qc7 12. Rc1 Rfd8 13. Qe2 Rac8 14. Bd2 Bd6 15. Ng5 Bxg3 16. hxg3 cxd4 17. cxd4 Qd6 18. Bc3 h6 19. Ne4 Nxe4 20. Bxe4 Bxe4 21. Qxe4 Nf6 22. Qe2 Nd5 23. Bd2 Qd7 24. a3 Qa4 25. Qd3 Ne7 26. g4 Rxc1 27. Rxc1 Qxd4 28. Qxd4 Rxd4 29. Be3 Rd7 30. f3 Kf8 31. g5 hxg5 32. Bxg5 f6 33. Be3 Ke8 34. Kf1 Rd3 35. Ke2 Rb3 36. Rc2 Kd7 37. Bc1 Nd5 38. Rc4 g5 39. g3 b5 40. Rd4 Kd6 41. Kf2 Ke5 42. Rd1 a5 43. Re1+ Kd6 44. Rd1 a4 45. f4 g4 46. Rd4 f5 47. Rd1 Ke7 48. Re1 Rf3+ 49. Kg2 Rd3 50. Kf2 Nf6 51. Be3 Ne4+ 52. Kg2 Rb3 53. Re2 Kd6 54. Bf2 Kd5 55. Rc2 Rd3 56. Be1 Rb3 57. Bf2 e5 58. fxe5 Kxe5 59. Re2 Rf3 60. Be1 Kd4 61. Rc2 Rb3 62. Re2 Rd3 63. Bf2+ Kc4 64. Be3 Kb3 65. Bf4 Rd1 66. Be5 Rd2 67. Kf1 Kc2 68. Re3 Rf2+ 69. Kg1 Rf3 70. Re2+ Kd3 71. Rg2 Re3 72. Kf1 Nd2+ 73. Rxd2+ Kxd2 0-1

[Event "CZE-chT2F 1819"]
[Site "Czech Republic"]
[Date "2018.12.02"]
[Round "4.7"]
[White "Horvath, Tomas"]
[Black "Kaminsky, Rudolf"]
[Result "1/2-1/2"]
[WhiteElo "2035"]
[BlackElo "2029"]
[PlyCount "61"]
[EventDate "2018.10.14"]
[EventType "team-tourn"]
[EventRounds "11"]
[EventCountry "CZE"]
[SourceTitle "EXT 2022"]
[Source "ChessBase"]
[SourceDate "2021.10.06"]
[SourceVersion "1"]
[SourceVersionDate "2021.10.06"]
[SourceQuality "1"]
[WhiteTeam "Orlova Slavia II"]
[BlackTeam "Havirov Slovan"]
[WhiteTeamCountry "CZE"]
[BlackTeamCountry "CZE"]

1. e4 e6 2. d4 d5 3. Nd2 dxe4 4. Nxe4 Nd7 5. Nf3 Ngf6 6. Nxf6+ Nxf6 7. Bd3 Be7 8. 0-0 0-0 9. Qe2 b6 10. Bg5 Bb7 11. Rad1 Bxf3 12. Qxf3 Qd5 13. Qxd5 Nxd5 14. Bxe7 Nxe7 15. Rfe1 Rad8 16. f4 g6 17. c3 h5 18. Kf2 Kg7 19. Kf3 Rd6 20. Bc2 Rfd8 21. a4 a5 22. Bb3 Kf6 23. h3 Rb8 24. Re5 c6 25. Bc2 Rbd8 26. Ree1 h4 27. Kg4 Rh8 28. Re5 Nf5 29. Kf3 Rhd8 30. Ree1 Rg8 31. Re5 1/2-1/2

[Event "CZE-chT2F 1718"]
[Site "Czech Republic"]
[Date "2018.04.08"]
[Round "11.6"]
[White "Kaminsky, Rudolf"]
[Black "Funiok, Marcel"]
[Result "1/2-1/2"]
[WhiteElo "2085"]
[BlackElo "2086"]
[PlyCount "49"]
[EventDate "2017.10.15"]
[EventType "team-tourn"]
[EventRounds "11"]
[EventCountry "CZE"]
[SourceTitle "EXT 2022"]
[Source "ChessBase"]
[SourceDate "2021.10.06"]
[SourceVersion "1"]
[SourceVersionDate "2021.10.06"]
[SourceQuality "1"]
[WhiteTeam "Havirov Slovan"]
[BlackTeam "Havirov Banik"]
[WhiteTeamCountry "CZE"]
[BlackTeamCountry "CZE"]

1. e4 e6 2. d4 d5 3. exd5 exd5 4. Bd3 Nf6 5. Bg5 Be7 6. c3 Nbd7 7. Nf3 h6 8. Bh4 0-0 9. 0-0 Ne4 10. Bxe7 Qxe7 11. Nbd2 Nxd2 12. Qxd2 Nf6 13. h3 c6 14. Rfe1 Qc7 15. Re3 Bd7 16. Rae1 Rfe8 17. Qc2 Rxe3 18. Rxe3 Re8 19. Rxe8+ Bxe8 20. Ne5 Nd7 21. Nxd7 Qxd7 22. Qe2 Kf8 23. Qe5 Qe7 24. f4 Qxe5 25. fxe5 1/2-1/2

[Event "CZE-chT2F 1718"]
[Site "Czech Republic"]
[Date "2017.12.17"]
[Round "5.5"]
[White "Svancara, Petr"]
[Black "Kaminsky, Rudolf"]
[Result "1-0"]
[WhiteElo "2086"]
[BlackElo "2085"]
[PlyCount "77"]
[EventDate "2017.10.15"]
[EventType "team-tourn"]
[EventRounds "11"]
[EventCountry "CZE"]
[SourceTitle "EXT 2022"]
[Source "ChessBase"]
[SourceDate "2021.10.06"]
[SourceVersion "1"]
[SourceVersionDate "2021.10.06"]
[SourceQuality "1"]
[WhiteTeam "Olomouc ASK"]
[BlackTeam "Havirov Slovan"]
[WhiteTeamCountry "CZE"]
[BlackTeamCountry "CZE"]

1. c4 c6 2. g3 Nf6 3. Bg2 d5 4. Nf3 Bf5 5. 0-0 e6 6. d4 Nbd7 7. Nc3 h6 8. Bf4 Be7 9. c5 b6 10. b4 a5 11. b5 Qc8 12. cxb6 Nxb6 13. Ne5 cxb5 14. Nxb5 0-0 15. Rc1 Nc4 16. Nxc4 dxc4 17. Bd6 Qd7 18. Bxe7 Qxb5 19. Bxf6 gxf6 20. Bxa8 Rxa8 21. Qd2 Kg7 22. f3 e5 23. e4 Bh3 24. Rf2 Rc8 25. dxe5 fxe5 26. Qd5 Rc5 27. Qd8 Be6 28. f4 Rc8 29. Qd6 exf4 30. gxf4 Qc5 31. Qxc5 Rxc5 32. f5 Bc8 33. Rfc2 Ba6 34. Kf2 Kf6 35. Ke3 Ke5 36. Rd2 Bb7 37. Rd7 Bc6 38. Rxf7 c3 39. Re7+ 1-0

[Event "CZE-chT2F 1617"]
[Site "Czech Republic"]
[Date "2017.03.19"]
[Round "10.5"]
[White "Vesely, Libor"]
[Black "Kaminsky, Rudolf"]
[Result "1/2-1/2"]
[WhiteElo "2217"]
[BlackElo "2109"]
[PlyCount "73"]
[EventDate "2016.10.09"]
[EventType "team-tourn"]
[EventRounds "11"]
[EventCountry "CZE"]
[SourceTitle "EXT 2022"]
[Source "ChessBase"]
[SourceDate "2021.10.06"]
[SourceVersion "1"]
[SourceVersionDate "2021.10.06"]
[SourceQuality "1"]
[WhiteTeam "Poruba Slavoj II"]
[BlackTeam "Havirov Slovan"]
[WhiteTeamCountry "CZE"]
[BlackTeamCountry "CZE"]

1. e4 c6 2. Nf3 d5 3. Nc3 dxe4 4. Nxe4 Bg4 5. h3 Bxf3 6. Qxf3 e6 7. b3 Nd7 8. Bb2 Ngf6 9. g4 Be7 10. Ng3 h6 11. Bg2 Qa5 12. a3 Qd5 13. Qxd5 cxd5 14. d3 Rc8 15. c4 Nc5 16. Ke2 Nxb3 17. Rab1 Na5 18. Bc3 b6 19. Bxa5 bxa5 20. cxd5 0-0 21. dxe6 fxe6 22. Rhc1 Bxa3 23. Rxc8 Rxc8 24. Rb7 Rc2+ 25. Kf1 Bc5 26. Ne4 Nxe4 27. Bxe4 Rxf2+ 28. Ke1 Rh2 29. Bg6 Rxh3 30. Rc7 Bf8 31. Ke2 a4 32. Rxa7 a3 33. Bf7+ Kh7 34. Bxe6 Kg6 35. Ra8 Bc5 36. Kd2 Be7 37. Ra7 1/2-1/2

[Event "CZE-chT2F 1617"]
[Site "Czech Republic"]
[Date "2017.02.12"]
[Round "8.5"]
[White "Havelka, Ondrej"]
[Black "Kaminsky, Rudolf"]
[Result "1/2-1/2"]
[WhiteElo "2041"]
[BlackElo "2109"]
[PlyCount "88"]
[EventDate "2016.10.09"]
[EventType "team-tourn"]
[EventRounds "11"]
[EventCountry "CZE"]
[SourceTitle "EXT 2022"]
[Source "ChessBase"]
[SourceDate "2021.10.06"]
[SourceVersion "1"]
[SourceVersionDate "2021.10.06"]
[SourceQuality "1"]
[WhiteTeam "Dobra"]
[BlackTeam "Havirov Slovan"]
[WhiteTeamCountry "CZE"]
[BlackTeamCountry "CZE"]

1. d4 Nf6 2. c4 c6 3. Nc3 d5 4. Nf3 g6 5. e3 Bg7 6. Bd3 0-0 7. 0-0 Bg4 8. h3 Bxf3 9. Qxf3 e6 10. Rd1 Nbd7 11. b3 Qa5 12. Bd2 Qb6 13. Rac1 a6 14. Qg3 Nh5 15. Qf3 Nhf6 16. Na4 Qd8 17. Bb4 Re8 18. Bd6 Nb6 19. c5 Nxa4 20. bxa4 b5 21. Qe2 Nd7 22. Qc2 Qa5 23. Rb1 f5 24. a3 e5 25. Rb4 Bf8 26. dxe5 Nxe5 27. Qb3 Bxd6 28. cxd6 Qd8 29. axb5 axb5 30. Bxb5 cxb5 31. Qxd5+ Nf7 32. Qc6 Re6 33. Rxb5 Rc8 34. Qa6 Rxd6 35. Rxd6 Rc1+ 36. Kh2 Qxd6+ 37. Qxd6 Nxd6 38. Rb8+ Kg7 39. a4 Ra1 40. Rb6 Ne4 41. f3 Nc3 42. Rb7+ Kh6 43. g4 fxg4 44. hxg4 Rxa4 1/2-1/2

[Event "CZE-chT2F 1617"]
[Site "Czech Republic"]
[Date "2016.10.23"]
[Round "2"]
[White "Babula, Milan"]
[Black "Kaminsky, Rudolf"]
[Result "1-0"]
[WhiteElo "2200"]
[BlackElo "2109"]
[PlyCount "117"]
[EventDate "2016.10.09"]
[EventType "team-tourn"]
[EventRounds "11"]
[EventCountry "CZE"]
[SourceTitle "EXT 2022"]
[Source "ChessBase"]
[SourceDate "2021.10.06"]
[SourceVersion "1"]
[SourceVersionDate "2021.10.06"]
[SourceQuality "1"]
[WhiteTeam "Trinec II"]
[BlackTeam "Havirov Slovan"]
[WhiteTeamCountry "CZE"]
[BlackTeamCountry "CZE"]

1. e4 c6 2. d4 d5 3. e5 Bf5 4. Ne2 e6 5. Ng3 Bg6 6. h4 h6 7. h5 Bh7 8. Bd3 Bxd3 9. Qxd3 c5 10. c3 Ne7 11. Nd2 cxd4 12. cxd4 Nec6 13. Nf3 Bb4+ 14. Kf1 Qb6 15. Rh4 Qa6 16. Qxa6 Nxa6 17. Rg4 Bf8 18. Bd2 Rc8 19. Ne2 Ne7 20. Nh4 Nb8 21. Bc3 Nd7 22. Nf4 Nc6 23. Nd3 Be7 24. Nf3 0-0 25. Re1 Kh7 26. Rf4 b5 27. a3 a5 28. Re2 b4 29. axb4 axb4 30. Be1 b3 31. Bc3 Ra8 32. Re1 Nb6 33. Nc1 Na4 34. Nxb3 Rfb8 35. Nfd2 Bg5 36. Rxf7 Bxd2 37. Nxd2 Nxb2 38. Rb1 Na4 39. Rxb8 Rxb8 40. Rc7 Rb6 41. Ba1 Na5 42. Ke2 Nb3 43. Ra7 Nxd2 44. Kxd2 Nb2 45. Bxb2 Rxb2+ 46. Ke3 Rb3+ 47. Ke2 Rb2+ 48. Kf3 Rb3+ 49. Kg4 Rb4 50. Re7 Rxd4+ 51. f4 Rd1 52. Rxe6 d4 53. Rd6 d3 54. Kf5 Kg8 55. Rd8+ Kf7 56. e6+ Ke7 57. Rg8 Re1 58. Rxg7+ Ke8 59. Rd7 1-0

[Event "CZE-chT2F 1516"]
[Site "Czech Republic"]
[Date "2016.01.24"]
[Round "6.26"]
[White "Netusil, Jan"]
[Black "Kaminsky, Rudolf"]
[Result "1/2-1/2"]
[WhiteElo "1886"]
[BlackElo "2094"]
[PlyCount "72"]
[EventDate "2015.10.18"]
[EventType "team-tourn"]
[EventRounds "11"]
[EventCountry "CZE"]
[SourceTitle "EXT 2022"]
[Source "ChessBase"]
[SourceDate "2021.10.06"]
[SourceVersion "1"]
[SourceVersionDate "2021.10.06"]
[SourceQuality "1"]
[WhiteTeam "Postoupky"]
[BlackTeam "Havirov Slovan"]
[WhiteTeamCountry "CZE"]
[BlackTeamCountry "CZE"]

1. e4 c6 2. d4 d5 3. Nc3 dxe4 4. Nxe4 Bf5 5. Ng3 Bg6 6. h4 h6 7. h5 Bh7 8. Nf3 Nf6 9. Bd3 e6 10. Bxh7 Nxh7 11. Qd3 Nd7 12. Bd2 Nhf6 13. 0-0-0 Bd6 14. Ne4 Nxe4 15. Qxe4 Nf6 16. Qe2 Qc7 17. c4 Bf4 18. g3 Bxd2+ 19. Nxd2 Qa5 20. Kb1 Qf5+ 21. Kc1 0-0-0 22. Nb3 Rd7 23. Nc5 Rc7 24. Qd3 Rd8 25. Qxf5 exf5 26. f3 Re7 27. Rh4 Re2 28. Rf4 Rg2 29. Rxf5 Rxg3 30. Ne4 Nxe4 31. fxe4 f6 32. e5 fxe5 33. dxe5 Rxd1+ 34. Kxd1 g6 35. hxg6 Rxg6 36. Ke2 Rg7 1/2-1/2

[Event "CZE-chT2F 1415"]
[Site "Czech Republic"]
[Date "2015.02.22"]
[Round "8.16"]
[White "Kopta, Jiri"]
[Black "Kaminsky, Rudolf"]
[Result "1/2-1/2"]
[WhiteElo "2030"]
[BlackElo "2101"]
[PlyCount "29"]
[EventDate "2014.11.02"]
[EventType "team-tourn"]
[EventRounds "11"]
[EventCountry "CZE"]
[SourceTitle "EXT 2022"]
[Source "ChessBase"]
[SourceDate "2021.10.06"]
[SourceVersion "1"]
[SourceVersionDate "2021.10.06"]
[SourceQuality "1"]
[WhiteTeam "Orlova Slavia II"]
[BlackTeam "Havirov Slovan"]
[WhiteTeamCountry "CZE"]
[BlackTeamCountry "CZE"]

1. e4 e6 2. d4 d5 3. Nc3 dxe4 4. Nxe4 Nd7 5. Nf3 Be7 6. g3 b6 7. Bg2 Bb7 8. Qe2 Ngf6 9. Ne5 Bxe4 10. Bxe4 Nxe4 11. Qxe4 Nxe5 12. dxe5 Qd5 13. Qxd5 exd5 14. 0-0 d4 15. Bd2 1/2-1/2

[Event "CZE-chT2F 1415"]
[Site "Czech Republic"]
[Date "2015.01.11"]
[Round "5.16"]
[White "Kaminsky, Rudolf"]
[Black "Fargac, Martin"]
[Result "1-0"]
[WhiteElo "2101"]
[BlackElo "2149"]
[PlyCount "61"]
[EventDate "2014.11.02"]
[EventType "team-tourn"]
[EventRounds "11"]
[EventCountry "CZE"]
[SourceTitle "EXT 2022"]
[Source "ChessBase"]
[SourceDate "2021.10.06"]
[SourceVersion "1"]
[SourceVersionDate "2021.10.06"]
[SourceQuality "1"]
[WhiteTeam "Havirov Slovan"]
[BlackTeam "Trinec II"]
[WhiteTeamCountry "CZE"]
[BlackTeamCountry "CZE"]

1. d4 d5 2. Nf3 Nf6 3. Bf4 e6 4. Nbd2 Be7 5. h3 0-0 6. e3 c5 7. c3 a6 8. Bd3 b5 9. Qe2 Qb6 10. 0-0 Bb7 11. Ne5 b4 12. dxc5 Bxc5 13. cxb4 Bxb4 14. a3 Be7 15. Rfc1 Nc6 16. Rc2 Rfc8 17. Rac1 Nxe5 18. Bxe5 Rxc2 19. Rxc2 Bc6 20. Nf3 Ba4 21. Rc1 Nd7 22. Bc7 Qb7 23. b4 Nc5 24. Bg3 Nxd3 25. Rc7 Qb6 26. Rxe7 Bb5 27. Qc2 Bc4 28. Bc7 Qb5 29. Nd4 Nxb4 30. Qb1 Qc5 31. Qxb4 1-0

[Event "CZE-chT2F 1213"]
[Site "Czech Republic"]
[Date "2013.02.03"]
[Round "8.47"]
[White "Sieber, Martin"]
[Black "Kaminsky, Rudolf"]
[Result "1-0"]
[WhiteElo "2016"]
[BlackElo "2108"]
[PlyCount "79"]
[EventDate "2012.10.14"]
[EventType "team-tourn"]
[EventRounds "11"]
[EventCountry "CZE"]
[SourceTitle "EXT 2016"]
[Source "ChessBase"]
[SourceDate "2015.10.08"]
[SourceVersion "1"]
[SourceVersionDate "2015.10.08"]
[SourceQuality "1"]
[WhiteTeam "Orlova Slavia II"]
[BlackTeam "Havirov Slovan"]
[WhiteTeamCountry "CZE"]
[BlackTeamCountry "CZE"]

1. b4 d5 2. Bb2 Nf6 3. e3 Bf5 4. b5 e6 5. Nf3 a6 6. a4 axb5 7. axb5 Rxa1 8. Bxa1 Nbd7 9. Be2 h6 10. 0-0 Be7 11. d4 0-0 12. c4 dxc4 13. Nbd2 Nb6 14. Nxc4 Nxc4 15. Bxc4 Bg4 16. h3 Bh5 17. Be2 Qd6 18. Nd2 Bxe2 19. Qxe2 Ra8 20. e4 Qa3 21. d5 Qa2 22. Bc3 Qc2 23. Qc4 exd5 24. exd5 Bd6 25. Bxf6 Qxd2 26. Qg4 g6 27. Rd1 Re8 28. g3 Re1+ 29. Rxe1 Qxe1+ 30. Kg2 Qe8 31. h4 Bf8 32. Qc4 Qd7 33. Be5 Bd6 34. Bc3 Kf8 35. Qd4 Ke7 36. Qf6+ Ke8 37. Qh8+ Bf8 38. Bb4 Qxd5+ 39. Kh2 Qxb5 40. Qxf8+ 1-0

[Event "CZE-chT2F 1112"]
[Site "Czech Republic"]
[Date "2012.03.25"]
[Round "10.17"]
[White "Dusek, Libor"]
[Black "Kaminsky, Rudolf"]
[Result "1-0"]
[WhiteElo "1864"]
[BlackElo "2125"]
[PlyCount "105"]
[EventDate "2011.10.09"]
[EventType "team-tourn"]
[EventRounds "11"]
[EventCountry "CZE"]
[SourceTitle "EXT 2013"]
[Source "ChessBase"]
[SourceDate "2012.11.22"]
[SourceVersion "1"]
[SourceVersionDate "2012.11.22"]
[SourceQuality "1"]
[WhiteTeam "Havirov II"]
[BlackTeam "Havirov Slovan"]
[WhiteTeamCountry "CZE"]
[BlackTeamCountry "CZE"]

1. d4 Nf6 2. c4 e6 3. Nc3 d5 4. Bg5 Be7 5. e3 0-0 6. Nf3 Nbd7 7. Rc1 c6 8. Bd3 dxc4 9. Bxc4 b5 10. Bd3 a6 11. Bxf6 Nxf6 12. 0-0 Bb7 13. Ne4 Rc8 14. Nc5 Bxc5 15. Rxc5 g6 16. Ne5 Nd7 17. Nxd7 Qxd7 18. Be4 a5 19. Qc2 Rc7 20. Rc1 Rd8 21. a4 bxa4 22. Qxa4 h5 23. Rxa5 c5 24. Qxd7 Rdxd7 25. Bxb7 Rxb7 26. Raxc5 Rxb2 27. g3 Kg7 28. Rc7 Rxc7 29. Rxc7 g5 30. Rc5 Kg6 31. h4 gxh4 32. gxh4 f5 33. Re5 Kf6 34. Kg2 Rd2 35. Kg3 Rd1 36. Kg2 Rd2 37. Ra5 Rd1 38. Ra2 f4 39. Ra5 fxe3 40. fxe3 Rd2+ 41. Kf3 Rh2 42. Rxh5 Kg6 43. Rg5+ Kf6 44. Rg4 Rh3+ 45. Kf4 Rh1 46. Ke4 Rh3 47. Kd3 e5 48. d5 Kf5 49. Rg5+ Kf6 50. Rh5 Rh1 51. Ke4 Ra1 52. Rf5+ Kg6 53. Kxe5 1-0

[Event "CZE-chT2F 1112"]
[Site "Czech Republic"]
[Date "2012.03.04"]
[Round "9.67"]
[White "Briza, Jiri"]
[Black "Kaminsky, Rudolf"]
[Result "1/2-1/2"]
[WhiteElo "1938"]
[BlackElo "2125"]
[PlyCount "67"]
[EventDate "2011.10.09"]
[EventType "team-tourn"]
[EventRounds "11"]
[EventCountry "CZE"]
[SourceTitle "EXT 2013"]
[Source "ChessBase"]
[SourceDate "2012.11.22"]
[SourceVersion "1"]
[SourceVersionDate "2012.11.22"]
[SourceQuality "1"]
[WhiteTeam "Koprivnice Tatra"]
[BlackTeam "Havirov Slovan"]
[WhiteTeamCountry "CZE"]
[BlackTeamCountry "CZE"]

1. b3 d5 2. Bb2 Nf6 3. e3 Bf5 4. Nf3 e6 5. a3 Nbd7 6. Be2 Be7 7. d3 h6 8. Nbd2 c6 9. 0-0 0-0 10. Ne5 Nxe5 11. Bxe5 Nd7 12. Bb2 Bf6 13. Bxf6 Qxf6 14. Nf3 Ne5 15. Nd4 Bh7 16. f4 Nd7 17. Qd2 e5 18. fxe5 Qxe5 19. Rae1 Rae8 20. Bd1 Re7 21. Nf3 Qd6 22. Qb4 Qxb4 23. axb4 Rfe8 24. Kf2 Nb8 25. Nd4 Nd7 26. Bf3 a6 27. Re2 Ne5 28. e4 dxe4 29. Bxe4 Ng4+ 30. Kg3 Nf6 31. Bxh7+ Kxh7 32. Rxe7 Rxe7 33. Nf5 Rd7 34. Ne3 1/2-1/2